000 00659nam a2200229Ia 4500
003 OSt
005 20220918230724.0
006 a|||||r|||| 00| 0
007 ta
008 220917b |||||||| |||| 00| 0 eng d
024 _a257,573
037 _cTextual
040 _aARTS
_cARTS
_beng
041 _2eng
_aeng
082 _aY73(P15):4.69G.N9, N9
100 _aJain Prakash C
_9137351
245 0 _aIndians in South Africa
_b political economy of race relations
260 _aDelhi
_bKalinga Publications
_c1999
650 _aSOCIOLOGY
942 _hY73(P15):4.69G.N9, N9
_cTEXL
_2CC
999 _c288752
_d288752